000 01853nam0a2200385 4500
001 RU\NLR\bibl\1045220
005 20260405152123.0
021 _aRU
_b2006-86248
_94370
035 _a(nilc)RSL-KNO-003017723
035 _a(NLR Aleph) 001032592
090 _a768093
_c768093
100 _a20070117d2006 |||y0rusy50 ca
101 0 _arus
102 _aRU
105 _aa zzzz|||||
106 _ar
200 1 _aМетоды частотно-территориального планирования в сетях радиосвязи
_eмонография
_fВ. И. Носов, Н. В. Носкова
_gФедеральное агентство связи, Гос. образовательное учреждение высш. проф. образования "Сибирский гос. ун-т телекоммуникаций и информатики"
210 _aНовосибирск
_cСибГУТИ
_d2006
215 _a162 с.
_cил., табл.
_d21
320 _aБиблиогр.: с. 153-157 (67 назв.)
606 1 _aРадиосвязь
_xРегламент
_92086066
_3RU\NLR\auth\661262193
610 0 _aРадиоэлектроника -- Радиосвязь -- Проектирование -- Выбор трассы
610 0 _aназемное цифровое радиовещание
610 0 _aсотовая связь
686 _aЗ884.1-022.2,0
_2rubbk
686 _aЗ884.1я81
700 1 _4070
_8rus
_7ca
_aНосов
_bВ. И.
_cд-р техн. наук
_gВладимир Иванович
_3RU\NLR\auth\7763241
_946171
701 1 _aНоскова
_bН. В.
_gНаталья Владимировна
_4070
801 0 _aRU
_bРКП
_c20070117
_grcr
801 1 _aRU
_bРГБ
_c20070117
801 2 _aRU
_bNLR
_c20070214
_grcr
830 _aавт. по кн.
942 _cBOOK
980 _aNB